Um duelo na biblioteca | A importância dos livros na vida das aranhas (Registo nº 3762)

Detalhes MARC
000 -Etiqueta do registo
Cabeçalho 00808nam0a2200265 4500
005 - Identificador da versão
Campo de controlo 20240902114633.0
010 ## - Número internacional normalizado dos livros (ISBN)
Número (ISBN) 9727310095
021 ## - Número do Depósito Legal
Código do país PT
Número 60701/92
100 ## - Dados gerais de processamento
Dados gerais de processamento 20161202d1992 d y0pory5003 ba
101 1# - Língua de publicação
Língua do texto, banda sonora, etc. Português
Língua do documento no original Italiano
102 ## - Pais de publicação ou produção
País de publicação Portugal
200 1# - Titulo e menção de responsabilidade
Título próprio Um duelo na biblioteca
-- A importância dos livros na vida das aranhas
Primeira menção de responsabilidade Ambrogio Borsani
Outras menções de responsabilidade il. Laura Scarpa
-- trad. Simonetta Neto
210 ## - Publicação, Distribuição, etc. 
Lugar da edição, distribuição, etc. Lisboa
Nome do editor, distribuidor, etc. Planeta
Data da publicação, distribuição, etc. D.L. 1992
215 ## - Descrição física 
Indicação específica da natureza do documento e extensão da espécie 63, [1] p.
Outras indicações físicas il.
Dimensões 21 cm
225 1# - Colecção 
Título próprio da colecção A biblioteca ilustrada
Indicação de volume 1
300 ## - Notas gerais 
Texto da nota PNL
606 ## - Nome comum usado como assunto
Número de registo de entrada de autoridade 0001426
Palavra de ordem Literatura italiana
Subdivisão de assunto Conto
Código do sistema CA
675 ## - Classificação Decimal Universal (CDU)
Notação 821.131.1-34
Edição 3ª ed.
Língua da edição por
700 #1 - Nome de autor-pessoa física (responsabilidade principal)
Número de registo de entrada de autoridade 0000179
Palavra de ordem Borsani
Outra parte do nome não tomada para palavra de ordem Ambrogio
702 #1 - Nome de autor-pessoa física (responsabilidade secundária)
Número de registo de entrada de autoridade 0000180
Palavra de ordem Scarpa
Outra parte do nome não tomada para palavra de ordem Laura
Código de função Ilustrador / Técnico de desenho computorizado
Número de registo de entrada de autoridade 0000176
Palavra de ordem Neto
Outra parte do nome não tomada para palavra de ordem Simonetta
Código de função Tradutor
942 ## - Elementos de entrada adicionados (Koha)
Tipo de item no Koha Livro
966 ## - Identificação da Biblioteca
Sigla EBVEN
Exemplares
Situação do levantamento Origin of item (home branch) (coded) Biblioteca de empréstimo Código de barras Cota Circulation type (not for loan) Tipo de documento Nota do exemplar Damaged status
  Biblioteca Escolar das Vendas Biblioteca Escolar das Vendas BEV21 8EST BOR PNL   Livro Sem mensagem